Impulzivita Romů a Čechů a její psychologické, demografické a socioekonomické koreláty

Situácia Rómov v Česku a otázka trpezlivosti. Meranie trpezlivosti a časová koexistencia.

Saved in:
Bibliographic Details
Main Author: Houdek, Petr
Other Authors: Rybáková, Nina
Format: Book Chapter
Language:Czech
Subjects:
Tags: Add Tag
No Tags, Be the first to tag this record!

MARC

LEADER 00000naa a2200000 4500
001 0239928
005 20220725082418.7
041 0 |a cze 
044 |a CZ 
245 1 0 |a Impulzivita Romů a Čechů a její psychologické, demografické a socioekonomické koreláty  |c Petr Houdek, Nina Rybáková 
520 |a Situácia Rómov v Česku a otázka trpezlivosti. Meranie trpezlivosti a časová koexistencia. 
610 2 0 |a Rómovia 
610 2 0 |a politika sociálna 
610 2 0 |a vylúčenie sociálne 
610 2 0 |a Česko 
100 1 |a Houdek, Petr 
700 1 |a Rybáková, Nina